[Event "Titled Tuesday intern op 16th Jan Early"]
[Site "Chess.com INT"]
[Date "2024.01.16"]
[Round "6"]
[White "Pranesh, M."]
[Black "Bharadia, Yash"]
[Result "1-0"]
[WhiteElo "2538"]
[BlackElo "2100"]
[PlyCount "65"]
[EventDate "2024.01.16"]
[EventType "swiss (blitz)"]
[EventRounds "11"]
[EventCountry "USA"]
[SourceTitle "CB04_2024"]
[SourceDate "2023.10.16"]
[SourceVersion "1"]
[SourceVersionDate "2023.10.16"]
[SourceQuality "1"]

1. e4 c5 2. Nf3 d6 3. d4 cxd4 4. Nxd4 Nf6 5. Nc3 a6 6. Bd3 e5 7. Nde2 Be7 8. 0-0 Be6 9. Ng3 Nbd7 10. f4 Qc7 11. Kh1 0-0 12. Qe2 Rac8 13. fxe5 Nxe5 14. Bf4 Ng6 15. Be3 Ng4 16. Bd4 N4e5 17. Nf5 Rfe8 18. Qf2 Rf8 19. a4 Rfe8 20. a5 Bf8 21. Na4 d5 22. exd5 Bxd5 23. Nb6 Rcd8 24. Nxd5 Rxd5 25. Qg3 Qd7 26. c3 Nc6 27. Qf2 Nge5 28. Be4 Rb5 29. Bb6 Nc4 30. Rad1 Qe6 31. Bd3 Rxb2 32. Qh4 Nxb6 33. Ne7+ 1-0

[Event "Titled Tuesday intern op 09th Jan Early"]
[Site "Chess.com INT"]
[Date "2024.01.09"]
[Round "3"]
[White "Martinez Pla, Xavier"]
[Black "Bharadia, Yash"]
[Result "0-1"]
[WhiteElo "2251"]
[BlackElo "2100"]
[PlyCount "112"]
[EventDate "2024.01.09"]
[EventType "swiss (blitz)"]
[EventRounds "11"]
[EventCountry "USA"]
[SourceTitle "CB03_2024"]
[SourceDate "2024.01.17"]
[SourceVersion "1"]
[SourceVersionDate "2024.01.17"]
[SourceQuality "1"]

1. e4 g6 2. d4 Bg7 3. Nc3 d6 4. Be3 a6 5. h4 h6 6. f3 b5 7. Qd2 Bb7 8. Nh3 Nd7 9. a4 b4 10. Nd1 a5 11. Bb5 c6 12. Bc4 Nb6 13. Be2 Nf6 14. Nf4 Qc7 15. Nf2 e5 16. N4h3 exd4 17. Bxd4 c5 18. Be3 Rd8 19. 0-0 d5 20. Bb5+ Kf8 21. Bf4 Qc8 22. e5 Nfd7 23. Qe2 Re8 24. Rfe1 Bc6 25. Qd2 Nxe5 26. b3 d4 27. Ne4 Bxb5 28. axb5 Nxf3+ 29. gxf3 Qxh3 30. Bd6+ Kg8 31. Nf6+ Bxf6 32. Rxe8+ Kg7 33. Rxh8 Kxh8 34. Qxh6+ Kg8 35. Rxa5 Qxf3 36. Ra1 Qg4+ 37. Kf1 Qf3+ 38. Kg1 Qg4+ 39. Kh2 Qe2+ 40. Kh3 Qe6+ 41. Kg2 Qxd6 42. Re1 Be5 43. Qg5 Nd7 44. h5 Kg7 45. h6+ Kh7 46. Rf1 Qd5+ 47. Kg1 f6 48. Qg4 d3 49. cxd3 Qxd3 50. Rd1 Bd4+ 51. Kg2 Qc2+ 52. Kh3 Ne5 53. Qe6 Qxd1 54. Qe7+ Kxh6 55. Qf8+ Kg5 56. b6 Qf3+ 0-1

[Event "IND-ch U19"]
[Site "Ahmedabad"]
[Date "2023.09.21"]
[Round "3"]
[White "Sushanth, Kamabathula"]
[Black "Bharadia, Yash"]
[Result "0-1"]
[WhiteElo "1748"]
[BlackElo "2000"]
[PlyCount "78"]
[EventDate "2023.09.20"]
[EventType "swiss"]
[EventRounds "11"]
[EventCountry "IND"]
[SourceTitle "EXT 2024"]
[Source "ChessBase"]
[SourceDate "2023.10.10"]
[SourceVersion "1"]
[SourceVersionDate "2023.10.10"]
[SourceQuality "1"]

1. e4 c5 2. Nf3 d6 3. d4 cxd4 4. Nxd4 Nf6 5. Nc3 a6 6. h3 e5 7. Nf3 Be7 8. g4 h6 9. Rg1 Qc7 10. g5 hxg5 11. Nxg5 Nbd7 12. Be3 Rf8 13. a4 b6 14. Qd2 Bb7 15. h4 Rh8 16. b3 d5 17. Nxd5 Bxd5 18. exd5 Rxh4 19. 0-0-0 Bd6 20. Kb1 Nc5 21. Bxc5 Qxc5 22. Bd3 Rd4 23. c4 b5 24. cxb5 Nxd5 25. Ne4 Rxe4 26. Bxe4 Nc3+ 27. Qxc3 Qxc3 28. Rd3 Qb4 29. Bxa8 axb5 30. Bc6+ Kf8 31. Bxb5 e4 32. Re3 Bc5 33. Bc4 Bxe3 34. fxe3 Qc3 35. Rc1 Qxe3 36. a5 f5 37. Rc2 Qe1+ 38. Rc1 Qxa5 39. Rf1 Ke7 0-1

[Event "Asia-ch Blitz U20"]
[Site "Jamshedpur"]
[Date "2023.09.15"]
[Round "2"]
[White "Bharadia, Yash"]
[Black "Srihari, LR."]
[Result "0-1"]
[WhiteElo "2092"]
[BlackElo "2334"]
[PlyCount "100"]
[EventDate "2023.09.15"]
[EventType "swiss (blitz)"]
[EventRounds "9"]
[EventCountry "IND"]
[SourceTitle "EXT 2024"]
[Source "ChessBase"]
[SourceDate "2023.10.10"]
[SourceVersion "1"]
[SourceVersionDate "2023.10.10"]
[SourceQuality "1"]

1. e4 d6 2. d4 Nf6 3. Nc3 e5 4. Nf3 exd4 5. Nxd4 Be7 6. Be2 0-0 7. Bf4 Re8 8. 0-0 Bf8 9. Bf3 Nbd7 10. Re1 Ne5 11. Be2 Ng6 12. Bg5 h6 13. Bxf6 Qxf6 14. Nd5 Qd8 15. Bg4 Bxg4 16. Qxg4 c6 17. Nc3 Re5 18. g3 Qb6 19. Nb3 Rae8 20. Re2 Rg5 21. Qf3 Ne5 22. Qg2 Rg6 23. h3 Rf6 24. Kh1 Nc4 25. Rb1 g6 26. Nc1 Bg7 27. Nd3 Rfe6 28. Na4 Qa5 29. b3 Na3 30. Rbe1 Nb5 31. Kh2 Nd4 32. f4 Nxe2 33. Rxe2 b5 34. Nab2 Qxa2 35. Nd1 f5 36. e5 dxe5 37. Nc5 Rd6 38. Nf2 e4 39. g4 Qa3 40. Ncd3 Rde6 41. gxf5 gxf5 42. Ne5 Kh7 43. Nd1 Bxe5 44. fxe5 Qa1 45. Ne3 Qxe5+ 46. Kh1 Rg6 47. Qf2 Reg8 48. Re1 Rg3 49. Qh2 Qc3 50. Re2 Qa1+ 0-1

[Event "Asia-ch U20"]
[Site "Jamshedpur"]
[Date "2023.09.14"]
[Round "8"]
[White "Bharadia, Yash"]
[Black "Sharnarthi, Viresh"]
[Result "1-0"]
[WhiteElo "2000"]
[BlackElo "1764"]
[PlyCount "117"]
[EventDate "2023.09.09"]
[EventType "swiss"]
[EventRounds "9"]
[EventCountry "IND"]
[SourceTitle "EXT 2024"]
[Source "ChessBase"]
[SourceDate "2023.10.10"]
[SourceVersion "1"]
[SourceVersionDate "2023.10.10"]
[SourceQuality "1"]

1. e4 c5 2. Nf3 d6 3. d4 cxd4 4. Nxd4 Nf6 5. Nc3 a6 6. Bd3 e5 7. Nde2 Be7 8. 0-0 b5 9. Ng3 0-0 10. f4 Bb7 11. Nf5 Nbd7 12. fxe5 dxe5 13. Bg5 b4 14. Ne2 Nd5 15. Bd2 Bc5+ 16. Kh1 Ne7 17. Neg3 f6 18. Qg4 g6 19. Bc4+ Kh8 20. Bh6 Rg8 21. Bxg8 Kxg8 22. Rad1 Bc8 23. Nxe7+ Qxe7 24. Nf5 Qe6 25. Be3 Kh8 26. Bxc5 gxf5 27. exf5 Qc6 28. Be7 Bb7 29. Rxd7 Rg8 30. Rd8 Qxg2+ 31. Qxg2 Bxg2+ 32. Kg1 Bxf1+ 33. Kxf1 Rxd8 34. Bxf6+ Kg8 35. Bxd8 e4 36. Ke2 a5 37. Bxa5 b3 38. axb3 Kf7 39. Ke3 h5 40. h4 Kf6 41. Kxe4 Ke7 42. c4 Kd6 43. Bb6 Ke7 44. Bd4 Kd6 45. b4 Kc6 46. b5+ Kc7 47. b4 Kd6 48. c5+ Kd7 49. c6+ Kc8 50. b6 Kb8 51. Kf4 Kc8 52. Kg5 Kd8 53. Bc5 Ke8 54. Kg6 Kd8 55. Kxh5 Ke8 56. Kg6 Kd8 57. f6 Ke8 58. f7+ Kd8 59. f8R# 1-0

[Event "Asia-ch U20"]
[Site "Jamshedpur"]
[Date "2023.09.12"]
[Round "5"]
[White "Bharadia, Yash"]
[Black "Mayank, Chakraborty"]
[Result "1/2-1/2"]
[WhiteElo "2000"]
[BlackElo "2329"]
[PlyCount "138"]
[EventDate "2023.09.09"]
[EventType "swiss"]
[EventRounds "9"]
[EventCountry "IND"]
[SourceTitle "EXT 2024"]
[Source "ChessBase"]
[SourceDate "2023.10.10"]
[SourceVersion "1"]
[SourceVersionDate "2023.10.10"]
[SourceQuality "1"]

1. e4 e5 2. Nf3 Nc6 3. Bb5 a6 4. Ba4 Nf6 5. 0-0 Nxe4 6. d4 b5 7. Bb3 d5 8. dxe5 Be6 9. c3 Bc5 10. Nbd2 0-0 11. Bc2 Nxf2 12. Rxf2 f6 13. Nf1 Bxf2+ 14. Kxf2 fxe5 15. Kg1 Bg4 16. Ne3 Be6 17. b3 h6 18. c4 dxc4 19. bxc4 Qxd1+ 20. Bxd1 Rad8 21. Ba3 Rfe8 22. cxb5 axb5 23. Rc1 Nd4 24. Rxc7 Bxa2 25. Kf2 Ne6 26. Rb7 e4 27. Ne5 Nf4 28. Nd7 b4 29. Bxb4 Nd3+ 30. Kg3 Rxd7 31. Rxd7 Nxb4 32. Be2 Bf7 33. Rd6 Na2 34. Rc6 Nb4 35. Rd6 Kh7 36. Rd7 Bg6 37. h4 h5 38. Rd6 Nd3 39. Rd5 Kh6 40. Rd6 Rf8 41. Bd1 Nf4 42. Bb3 Ne2+ 43. Kh2 Rf4 44. Kh3 Kh7 45. Bc4 Nc1 46. Kg3 Rf8 47. Nd5 Bf7 48. Rd7 Bxd5 49. Rxd5 Rc8 50. Ba6 Rc6 51. Bb5 Rg6+ 52. Kf2 Kh6 53. Rd8 Rb6 54. Rh8+ Kg6 55. Be8+ Kf6 56. Bxh5 Rb2+ 57. Ke3 Rxg2 58. Rf8+ Ke5 59. Re8+ Kf5 60. Rf8+ Ke6 61. Re8+ Kf6 62. Rf8+ Ke7 63. Re8+ Kd6 64. Rxe4 Nb3 65. Bf3 Rg6 66. Rb4 Re6+ 67. Kf4 Rf6+ 68. Kg4 Nc5 69. Rb6+ Ke5 1/2-1/2

[Event "Asia-ch Rapid U20"]
[Site "Jamshedpur"]
[Date "2023.09.08"]
[Round "2"]
[White "Bharadia, Yash"]
[Black "Aiyan, Rahman"]
[Result "1-0"]
[WhiteElo "2092"]
[BlackElo "1546"]
[PlyCount "55"]
[EventDate "2023.09.08"]
[EventType "swiss (rapid)"]
[EventRounds "9"]
[EventCountry "IND"]
[SourceTitle "EXT 2024"]
[Source "ChessBase"]
[SourceDate "2023.10.10"]
[SourceVersion "1"]
[SourceVersionDate "2023.10.10"]
[SourceQuality "1"]

1. e4 e5 2. Nf3 Nf6 3. Nxe5 d6 4. Nf3 Nxe4 5. Nc3 Nxc3 6. dxc3 Be7 7. Be3 Nc6 8. Qd2 Be6 9. Bb5 a6 10. Ba4 b5 11. Bb3 d5 12. 0-0-0 Na5 13. Bxd5 Bxd5 14. Qxd5 Qxd5 15. Rxd5 Nc4 16. Bf4 c6 17. Rd3 0-0 18. Re1 Bc5 19. b3 Nb6 20. Bd6 Bxd6 21. Rxd6 Rac8 22. Nd4 Nd5 23. Nxc6 Nxc3 24. Ne7+ Kh8 25. Nxc8 Rxc8 26. Rc6 Nxa2+ 27. Kb2 Rxc6 28. Re8# 1-0

[Event "IND-ch 59th"]
[Site "New Delhi"]
[Date "2022.12.27"]
[Round "6"]
[White "Bharadia, Yash"]
[Black "Kushagra, Mohan"]
[Result "1/2-1/2"]
[WhiteElo "2117"]
[BlackElo "2390"]
[PlyCount "87"]
[EventDate "2022.12.22"]
[EventType "swiss"]
[EventRounds "13"]
[EventCountry "IND"]
[SourceTitle "CBM 211 Extra"]
[Source "ChessBase"]
[SourceDate "2023.01.31"]
[SourceVersion "1"]
[SourceVersionDate "2023.01.31"]
[SourceQuality "1"]

1. e4 e5 2. Nf3 Nc6 3. Bb5 a6 4. Ba4 Nf6 5. 0-0 b5 6. Bb3 Bc5 7. a4 Rb8 8. c3 d6 9. d4 Bb6 10. a5 Ba7 11. h3 0-0 12. Be3 exd4 13. cxd4 Nxe4 14. Bd5 Qe8 15. Qc2 Nb4 16. Qxe4 Qxe4 17. Bxe4 d5 18. Bxh7+ Kxh7 19. Rc1 Rb7 20. Ne5 Bf5 21. g4 f6 22. Nc6 Nxc6 23. Rxc6 Bd7 24. Rc1 f5 25. gxf5 Rxf5 26. Nd2 c6 27. Kg2 Rh5 28. Rh1 c5 29. Nb3 c4 30. Nc5 Bxc5 31. dxc5 d4 32. Bxd4 Bc6+ 33. f3 Rd7 34. Bc3 Rd3 35. Rhf1 Rxc5 36. Rae1 Rg5+ 37. Kh2 Bxf3 38. Rg1 Rxg1 39. Rxg1 Rd7 40. Rg5 Kh6 41. h4 g6 42. Re5 Bb7 43. Kg3 Rd3+ 44. Kf4 1/2-1/2

[Event "IND-ch 59th"]
[Site "New Delhi"]
[Date "2022.12.26"]
[Round "5"]
[White "Nitin, Senthilvel"]
[Black "Bharadia, Yash"]
[Result "0-1"]
[WhiteElo "2372"]
[BlackElo "2117"]
[PlyCount "144"]
[EventDate "2022.12.22"]
[EventType "swiss"]
[EventRounds "13"]
[EventCountry "IND"]
[SourceTitle "CBM 211 Extra"]
[Source "ChessBase"]
[SourceDate "2023.01.31"]
[SourceVersion "1"]
[SourceVersionDate "2023.01.31"]
[SourceQuality "1"]

1. e4 c5 2. Ne2 d6 3. g3 g6 4. Bg2 Bg7 5. c3 Nc6 6. d4 cxd4 7. cxd4 Bg4 8. f3 Bd7 9. Nbc3 h5 10. h3 h4 11. g4 e5 12. Be3 exd4 13. Nxd4 Nxd4 14. Bxd4 Bxd4 15. Qxd4 Qf6 16. 0-0-0 Qxd4 17. Rxd4 Ne7 18. Rhd1 g5 19. Rxd6 Be6 20. Kb1 Ng6 21. Nd5 Rc8 22. Bf1 Kf8 23. Ne3 Ke7 24. Nf5+ Kf6 25. R1d5 Rc7 26. b3 Rhc8 27. Bc4 Rc6 28. Rb5 a6 29. Rxb7 Ke5 30. Rd1 Bxc4 31. bxc4 Kf4 32. Rb3 Rxc4 33. Nd6 Rd8 34. Rd5 Rc7 35. e5 Rcd7 36. Ra5 Nxe5 37. Ra4+ Kg3 38. f4+ Nf3 39. Ne4+ Kg2 40. fxg5 Rd4 41. Raa3 Ne1 42. Re3 Rd1+ 43. Kb2 Nd3+ 44. Kb3 Rc1 45. Ra4 Nf4 46. Kb2 Rc6 47. Nc3 Rb8+ 48. Ka3 Nxh3 49. Rd4 Nf2 50. Rd2 Rc5 51. Ka4 Rc4+ 52. Ka5 Rxg4 53. Ne4 Rb5+ 54. Kxa6 Rf5 55. a4 Rff4 56. Ree2 Rxe4 57. Rxf2+ Kg3 58. Rg2+ Kf4 59. Rgf2+ Kxg5 60. a5 f5 61. Ka7 Re7+ 62. Kb6 Re6+ 63. Kc7 Ra4 64. Rd5 Rf6 65. Rg2+ Kf4 66. Rh2 Kg3 67. Rb2 h3 68. Kd7 f4 69. Ke7 Rg6 70. Kf7 Rg4 71. Rb6 f3 72. Rf5 h2 0-1

[Event "IND-ch 59th"]
[Site "New Delhi"]
[Date "2022.12.23"]
[Round "2"]
[White "Bharadia, Yash"]
[Black "Arshiya, Das"]
[Result "1-0"]
[WhiteElo "2117"]
[BlackElo "1640"]
[PlyCount "79"]
[EventDate "2022.12.22"]
[EventType "swiss"]
[EventRounds "13"]
[EventCountry "IND"]
[SourceTitle "CBM 211 Extra"]
[Source "ChessBase"]
[SourceDate "2023.01.31"]
[SourceVersion "1"]
[SourceVersionDate "2023.01.31"]
[SourceQuality "1"]

1. e4 c5 2. Nf3 d6 3. d4 cxd4 4. Nxd4 Nf6 5. Nc3 a6 6. Be3 e5 7. Nb3 Be6 8. f3 h5 9. Qd2 Nbd7 10. 0-0-0 Rc8 11. h3 Be7 12. Bd3 h4 13. Kb1 b5 14. a3 Bc4 15. f4 Qc7 16. fxe5 dxe5 17. Rhf1 0-0 18. Nd5 Bxd5 19. exd5 Nxd5 20. Bg5 N7b6 21. Rde1 Nc4 22. Qc1 Qd6 23. Bxe7 Qxe7 24. Nd4 Qc5 25. Nf5 e4 26. Qg5 g6 27. Qh6 gxf5 28. Qg5+ Kh7 29. Rxf5 Nxa3+ 30. Ka1 f6 31. Qg4 Nxc2+ 32. Bxc2 Ne3 33. Rxe3 Qxe3 34. Rh5+ Qh6 35. Bxe4+ f5 36. Bxf5+ Rxf5 37. Qxf5+ Kh8 38. Rxh6+ Kg8 39. Rg6+ Kh7 40. Qh5# 1-0

[Event "IND-ch U13 35th"]
[Site "Puducherry"]
[Date "2022.12.16"]
[Round "9"]
[White "Dhruva, Thota"]
[Black "Bharadia, Yash"]
[Result "1/2-1/2"]
[WhiteElo "1729"]
[BlackElo "2117"]
[PlyCount "86"]
[EventDate "2022.12.11"]
[EventType "swiss"]
[EventRounds "11"]
[EventCountry "IND"]
[SourceTitle "EXT 2024"]
[Source "ChessBase"]
[SourceDate "2023.10.10"]
[SourceVersion "1"]
[SourceVersionDate "2023.10.10"]
[SourceQuality "1"]

1. e4 c5 2. Nf3 d6 3. d4 cxd4 4. Nxd4 Nf6 5. Nc3 a6 6. Bg5 Nbd7 7. f4 Qc7 8. Qf3 h6 9. Bxf6 Nxf6 10. f5 Qc5 11. 0-0-0 g5 12. fxg6 Bg4 13. gxf7+ Kxf7 14. Qd3 Bxd1 15. Nxd1 Bg7 16. g3 Nxe4 17. Qxe4 Bxd4 18. Bd3 Ke8 19. c3 Bf6 20. Qxb7 Ra7 21. Qb3 Kd8 22. Rf1 Kc7 23. Rf5 Be5 24. Qe6 Kb8 25. Kc2 Rc7 26. Bxa6 Ka7 27. Bd3 Rb8 28. Kc1 Qc6 29. Rf2 Bf6 30. h4 d5 31. Qxc6 Rxc6 32. Rf5 Rg8 33. Rxd5 Rxg3 34. h5 Bg5+ 35. Kb1 Re6 36. a4 Re1 37. Bb5 Rgg1 38. Kc2 Rg2+ 39. Kb1 Rd2 40. Rxd2 Bxd2 41. Kc2 Bf4 42. Nf2 e5 43. Bd3 Be3 1/2-1/2

[Event "IND-ch U13 35th"]
[Site "Puducherry"]
[Date "2022.12.11"]
[Round "2"]
[White "Bharadia, Yash"]
[Black "Abbas, Soni"]
[Result "1/2-1/2"]
[WhiteElo "2117"]
[BlackElo "1407"]
[PlyCount "107"]
[EventDate "2022.12.11"]
[EventType "swiss"]
[EventRounds "11"]
[EventCountry "IND"]
[SourceTitle "EXT 2024"]
[Source "ChessBase"]
[SourceDate "2023.10.10"]
[SourceVersion "1"]
[SourceVersionDate "2023.10.10"]
[SourceQuality "1"]

1. e4 c5 2. Nf3 d6 3. d4 cxd4 4. Nxd4 Nf6 5. Nc3 a6 6. Be3 e5 7. Nb3 Be6 8. f3 Nbd7 9. g4 Be7 10. Qd2 b5 11. g5 Nh5 12. Nd5 Bxd5 13. exd5 Nf4 14. h4 h6 15. Na5 hxg5 16. Nc6 Qc7 17. 0-0-0 Rc8 18. Bh3 Nxd5 19. Qxd5 Qxc6 20. Qxc6 Rxc6 21. hxg5 Rg8 22. Bf5 Nc5 23. g6 fxg6 24. Bxg6+ Kd7 25. Bf5+ Kc7 26. Rh7 Bf6 27. Bg6 Kb8 28. Bf7 Rgc8 29. Bd5 R6c7 30. Kb1 Na4 31. Be4 Nc5 32. Rxd6 Nxe4 33. fxe4 Rc6 34. Rd2 Rc4 35. Re2 Rd8 36. b3 Rd1+ 37. Kb2 Rc8 38. Bd2 Rd8 39. Ba5 R8d7 40. Rh8+ Kb7 41. Re8 Re7 42. Rf8 Red7 43. Rg2 Rf1 44. Bc3 Rdd1 45. Rf7+ Kb6 46. Rg6 Kc5 47. b4+ Kd6 48. Ra7 Rb1+ 49. Ka3 Rf3 50. Rxa6+ Kc7 51. Ra7+ Kb8 52. Rb7+ Kxb7 53. Rxg7+ Kc6 54. Rc7+ 1/2-1/2

[Event "Bikaner op 1st"]
[Site "Bikaner"]
[Date "2022.10.09"]
[Round "10"]
[White "Arora, Honi"]
[Black "Bharadia, Yash"]
[Result "0-1"]
[WhiteElo "1682"]
[BlackElo "2192"]
[PlyCount "44"]
[EventDate "2022.10.01"]
[EventType "swiss"]
[EventRounds "10"]
[EventCountry "IND"]
[SourceTitle "CBM 210 Extra"]
[Source "ChessBase"]
[SourceDate "2022.11.30"]
[SourceVersion "1"]
[SourceVersionDate "2022.11.30"]
[SourceQuality "1"]

1. d4 Nf6 2. Bf4 c5 3. e3 g6 4. Nf3 Bg7 5. c3 0-0 6. Nbd2 cxd4 7. exd4 d6 8. h3 Nc6 9. Bc4 e5 10. dxe5 dxe5 11. Bh2 e4 12. Ne5 e3 13. fxe3 Nxe5 14. Bxe5 Nh5 15. Bh2 Qh4+ 16. Kf1 Rd8 17. Qf3 Bf5 18. Bd5 Rxd5 19. Qxd5 Rd8 20. Nf3 Qe7 21. Qa5 b6 22. Qa4 Qxe3 0-1

[Event "Bikaner op 1st"]
[Site "Bikaner"]
[Date "2022.10.06"]
[Round "7"]
[White "Bharadia, Yash"]
[Black "Swayham, P Das"]
[Result "1-0"]
[WhiteElo "2192"]
[BlackElo "1902"]
[PlyCount "101"]
[EventDate "2022.10.01"]
[EventType "swiss"]
[EventRounds "10"]
[EventCountry "IND"]
[SourceTitle "CBM 210 Extra"]
[Source "ChessBase"]
[SourceDate "2022.11.30"]
[SourceVersion "1"]
[SourceVersionDate "2022.11.30"]
[SourceQuality "1"]

1. e4 c5 2. Nf3 d6 3. d4 cxd4 4. Nxd4 Nf6 5. Nc3 a6 6. Be3 e5 7. Nb3 Be6 8. f3 Nbd7 9. Qd2 h5 10. 0-0-0 Qc7 11. Bd3 Be7 12. h3 Nb6 13. Qf2 Nfd7 14. f4 exf4 15. Bxf4 Ne5 16. Kb1 0-0-0 17. Nd5 Bxd5 18. exd5 Bf6 19. Be2 Kb8 20. Be3 Nec4 21. Bd4 Bxd4 22. Qxd4 Rc8 23. Rhe1 Ne5 24. c3 Rh6 25. Qb4 Nbc4 26. Nd4 Ne3 27. Rd2 Nxd5 28. Qb3 Nb6 29. Nc2 Ka8 30. Red1 h4 31. a4 Nbc4 32. Rd4 Na5 33. Qa2 Nac6 34. Rf4 Re8 35. Ne3 Ne7 36. Qb3 Qc5 37. Nc4 Nxc4 38. Rxc4 Qf5+ 39. Ka1 Qa5 40. Rb4 Nc6 41. Qxf7 Re7 42. Qf8+ Ka7 43. Qf2+ Kb8 44. Rf4 g5 45. Rg4 Rhe6 46. Bf3 Re4 47. Kb1 Rxa4 48. Bxc6 Ra1+ 49. Kc2 Rxd1 50. Qf8+ Ka7 51. Qxe7 1-0

[Event "Bikaner op 1st"]
[Site "Bikaner"]
[Date "2022.10.04"]
[Round "5"]
[White "Bharadia, Yash"]
[Black "Paichadze, Luka"]
[Result "0-1"]
[WhiteElo "2192"]
[BlackElo "2527"]
[PlyCount "86"]
[EventDate "2022.10.01"]
[EventType "swiss"]
[EventRounds "10"]
[EventCountry "IND"]
[SourceTitle "CBM 210 Extra"]
[Source "ChessBase"]
[SourceDate "2022.11.30"]
[SourceVersion "1"]
[SourceVersionDate "2022.11.30"]
[SourceQuality "1"]

1. e4 c6 2. d4 d5 3. Nd2 g6 4. Ngf3 Bg7 5. e5 Nh6 6. Be2 f6 7. 0-0 Nd7 8. exf6 exf6 9. c4 0-0 10. cxd5 cxd5 11. Nb3 Re8 12. Nc5 Nf8 13. Bb5 Re7 14. Bd2 Nf7 15. Qb3 Ne6 16. Rfe1 Bf8 17. Bb4 Nc7 18. Bf1 Nd6 19. Ba3 b6 20. Nd3 Be6 21. Nb4 Qd7 22. Na6 Nxa6 23. Bxa6 Bf7 24. Red1 Re4 25. Rac1 Bh6 26. Rc3 Nc4 27. Bb5 Qe6 28. Bxc4 dxc4 29. Qb5 Re8 30. h3 Bf4 31. Rf1 a6 32. Qxa6 Qc6 33. Bc5 Bc7 34. Ra3 Bd5 35. Bb4 Re2 36. Qa4 Qxa4 37. Rxa4 Rxb2 38. Bc3 Rc2 39. Ba1 Ree2 40. Ra7 Bg3 41. Ra3 Bxf2+ 42. Rxf2 Rxf2 43. Ne1 Rxa2 0-1

[Event "Bikaner op 1st"]
[Site "Bikaner"]
[Date "2022.10.02"]
[Round "2"]
[White "Pantsulaia, Levan"]
[Black "Bharadia, Yash"]
[Result "1-0"]
[WhiteElo "2609"]
[BlackElo "2192"]
[PlyCount "63"]
[EventDate "2022.10.01"]
[EventType "swiss"]
[EventRounds "10"]
[EventCountry "IND"]
[SourceTitle "CBM 210 Extra"]
[Source "ChessBase"]
[SourceDate "2022.11.30"]
[SourceVersion "1"]
[SourceVersionDate "2022.11.30"]
[SourceQuality "1"]

1. c4 Nf6 2. Nf3 e6 3. g3 d5 4. Bg2 Be7 5. 0-0 0-0 6. Qc2 c5 7. d4 cxd4 8. Nxd4 Nc6 9. Nxc6 bxc6 10. Rd1 Ba6 11. b3 Qb6 12. Be3 Bc5 13. Bxc5 Qxc5 14. Nd2 Rfd8 15. e3 h6 16. a3 dxc4 17. Rdc1 Rab8 18. b4 Qh5 19. Nxc4 Bxc4 20. Qxc4 Rd2 21. Rc2 Rbd8 22. Rxd2 Rxd2 23. Qxc6 Ng4 24. Qe8+ Kh7 25. Be4+ g6 26. Qxf7+ Kh8 27. h4 Rxf2 28. Qe8+ Kg7 29. Rc1 Rf8 30. Rc7+ Kg8 31. Qxe6+ Kh8 32. Qe7 1-0

[Event "Raipur Chhattisgarh"]
[Site "Raipur"]
[Date "2022.09.27"]
[Round "9"]
[White "Bharadia, Yash"]
[Black "Pandey, Srishti"]
[Result "0-1"]
[WhiteElo "2085"]
[BlackElo "2173"]
[PlyCount "122"]
[EventDate "2022.09.19"]
[EventType "swiss"]
[EventRounds "10"]
[EventCountry "IND"]
[SourceTitle "CBM 210 Extra"]
[Source "ChessBase"]
[SourceDate "2022.11.30"]
[SourceVersion "1"]
[SourceVersionDate "2022.11.30"]
[SourceQuality "1"]

1. e4 e5 2. Nf3 Nc6 3. Bb5 Nf6 4. 0-0 Nxe4 5. d4 Nd6 6. Bxc6 dxc6 7. dxe5 Nf5 8. Qxd8+ Kxd8 9. Nc3 Ke8 10. b3 Be6 11. Bb2 Rd8 12. Ne4 h6 13. c4 Be7 14. h3 b6 15. g4 Nh4 16. Nxh4 Bxh4 17. f4 Rd3 18. f5 Bc8 19. e6 f6 20. Rad1 Re3 21. Rf4 Bg5 22. Nxg5 hxg5 23. Rfd4 Rexh3 24. Rd8+ Ke7 25. Rxh8 Rxh8 26. Kg2 c5 27. Kg3 g6 28. fxg6 Rh6 29. g7 Rg6 30. Rh1 Bxe6 31. Rh8 Rxg7 32. Ra8 Rh7 33. Rxa7 Rh4 34. Rxc7+ Kd6 35. Rb7 Rxg4+ 36. Kf2 Bd7 37. Ke3 f5 38. Rxb6+ Bc6 39. Be5+ Kd7 40. Kd3 Re4 41. Bf6 g4 42. Bh4 Re8 43. Bg3 Re4 44. Bf2 Kc7 45. Ra6 Re8 46. Ra7+ Bb7 47. Ra5 f4 48. Rxc5+ Kd7 49. Rg5 g3 50. Bd4 g2 51. Rg7+ Kc8 52. b4 f3 53. Be3 Rd8+ 54. Kc3 Be4 55. Bb6 Rd3+ 56. Kb2 f2 57. Bxf2 Rd2+ 58. Kc3 Rxf2 59. Kd4 Bb7 60. Rg8+ Kc7 61. Rg7+ Kb8 0-1

[Event "Raipur Chhattisgarh"]
[Site "Raipur"]
[Date "2022.09.22"]
[Round "4"]
[White "Subhayan, Kundu"]
[Black "Bharadia, Yash"]
[Result "1/2-1/2"]
[WhiteElo "2327"]
[BlackElo "2085"]
[PlyCount "83"]
[EventDate "2022.09.19"]
[EventType "swiss"]
[EventRounds "10"]
[EventCountry "IND"]
[SourceTitle "CBM 210 Extra"]
[Source "ChessBase"]
[SourceDate "2022.11.30"]
[SourceVersion "1"]
[SourceVersionDate "2022.11.30"]
[SourceQuality "1"]

1. e4 c5 2. Nf3 d6 3. d4 cxd4 4. Nxd4 Nf6 5. Nc3 a6 6. Be3 e5 7. Nb3 Be6 8. f3 Be7 9. Qd2 0-0 10. 0-0-0 Nbd7 11. g4 Qc7 12. Kb1 b5 13. g5 Nh5 14. Nd5 Bxd5 15. exd5 Nb6 16. Na5 Nxd5 17. Qxd5 Qxa5 18. Bd3 Qc7 19. Rhg1 g6 20. Rg4 Rac8 21. a4 Nf4 22. Bxf4 exf4 23. Re1 Rfe8 24. axb5 axb5 25. Rxf4 Bf8 26. Ree4 Rxe4 27. fxe4 Bg7 28. Rf1 Qa7 29. c3 b4 30. Bc4 bxc3 31. Qxf7+ Qxf7 32. Bxf7+ Kh8 33. bxc3 Rxc3 34. Rc1 Rxc1+ 35. Kxc1 Be5 36. h3 Kg7 37. Bd5 Bf4+ 38. Kd1 Bxg5 39. Ke2 h5 40. Kf3 Kh6 41. Bc6 Bf6 42. Bd5 1/2-1/2